00539nam a22001817a 45000010005000000030009000050050017000140070005000310080030000360400022000661000033000882450114001212460014002352600033002493000026002827000020003087000029003280154DO-SdBNP20180307132304.00154151005b 1969 xxu 00| 0 spa d aBPMSUbspacBPMSU1 aAñorga Larralde, Joaquín10aLibro de lectura para el quinto grado /cJoaquín Añorga Larralde, Osiris de Oleo, Luis V. Concepción C.12aLectura 5 aNew York :bMinerva, c1969. a207 p. :bil.c22 cm. aOleo, Osiris de aConcepción C., Luis V.